| Tag |
First Indicator |
Second Indicator |
Subfields |
| LEADER |
00000cam a2200000Ma 4500 |
| 001 |
in00004540821 |
| 005 |
20200713125655.0 |
| 006 |
m d |
| 007 |
cr cn |||||||| |
| 008 |
110819s2012 flua ob 000 0 eng d |
| 010 |
|
|
|a 2011034286
|
| 019 |
|
|
|a 781261771
|a 1015204554
|a 1065908877
|a 1069712984
|a 1077293456
|a 1084414852
|
| 020 |
|
|
|a 9781439837696
|q (electronic bk.)
|
| 020 |
|
|
|a 1439837694
|q (electronic bk.)
|
| 020 |
|
|
|z 9781439837689
|q (hardcover ;
|q alk. paper)
|
| 020 |
|
|
|z 1439837686
|q (hardcover ;
|q alk. paper)
|
| 035 |
|
|
|a (OCoLC)ocn763161374
|
| 035 |
|
|
|a (OCoLC)763161374
|z (OCoLC)781261771
|z (OCoLC)1015204554
|z (OCoLC)1065908877
|z (OCoLC)1069712984
|z (OCoLC)1077293456
|z (OCoLC)1084414852
|
| 040 |
|
|
|a E7B
|b eng
|e pn
|c E7B
|d OCLCQ
|d OSU
|d YDXCP
|d N$T
|d COO
|d EBLCP
|d OCLCQ
|d OCLCF
|d OCLCQ
|d CRCPR
|d OCLCQ
|d UA@
|d OCLCA
|d OCLCQ
|d D6H
|d Z5A
|d OCLCO
|d UAB
|d STF
|d OCLCA
|d OCLCQ
|d NLE
|d OCLCO
|d AU@
|d OCLCO
|d UKMGB
|d OCLCO
|d WYU
|d OCLCA
|d VT2
|d YDX
|d TYFRS
|d LEAUB
|d OCLCQ
|d TMV
|d UtOrBLW
|
| 049 |
|
|
|a TMVM
|
| 050 |
|
4 |
|a RM666.H33
|b H47 2012eb
|
| 050 |
|
4 |
|a RS164
|b .H47 2012eb
|
| 060 |
1 |
0 |
|a WB 925
|
| 060 |
|
4 |
|a WB 925
|b H5345 2012eb
|
| 245 |
0 |
0 |
|a Herbal medicines :
|b development and validation of plant-derived medicines for human health /
|c edited by Giacinto Bagetta, Marco Cosentino, Maria Tiziana Corasaniti, Shinobu Sakurada.
|
| 264 |
|
1 |
|a Boca Raton :
|b CRC Press,
|c [2012]
|
| 264 |
|
4 |
|c ©2012
|
| 300 |
|
|
|a 1 online resource :
|b illustrations.
|
| 336 |
|
|
|a text
|b txt
|2 rdacontent
|
| 337 |
|
|
|a computer
|b c
|2 rdamedia
|
| 338 |
|
|
|a online resource
|b cr
|2 rdacarrier
|
| 490 |
1 |
|
|a Clinical pharmacognosy series ;
|v [1]
|
| 500 |
|
|
|a Electronic resource.
|
| 500 |
|
|
|a Description based on opening page (viewed Sep 05, 2019).
|
| 504 |
|
|
|a Includes bibliographical references.
|
| 505 |
0 |
|
|a The European legislation (directive 2004/24/EC) brings clarification and recognition to herbal medicinal products -- Taxonomy, morphology, and ecology of medicinal plants: a botanical perspective -- Ethnopharmacological approaches used to identify medicinal plants -- Medicinal plants : molecular biology/biotechnology approach -- Breeding and cultivation of medicinal plants -- Sample preparation, analytical methods, and chemical standardization of medicinal plants -- The role of zebrafish in the future of natural product discovery -- Phytocomplexes versus single-entity drugs -- Molecular modes of action of drugs used in phytomedicine -- Bioavailability issues of nonnutrient plant and fruit constituents -- From identification to clinical translation of medicinal plants -- Recommendations for reporting randomized controlled trials of herbal medicine interventions -- Pharmacovigilance methods and systems in herbal medicines -- Mechanisms and clinical relevance of herb drug interactions from the perspectives of pharmacokinetics -- Nature's gift to photodynamic medicine : hypericin, a herbal photosensitizer is a component of hypericum perforatum -- Plants and plant-derived products as cancer chemopreventive agents -- From standard tanacetum parthenium extract to a stabilized derivative of parthenolide : studies in animal models of pain -- Antiviral effects of essential oils used traditionally in phytomedicine -- The neuroprotective capacity of achyrocline satureioides (Lam) D.C. and its flavonoids : mechanisms of action -- Recent progress in echinacea research -- Contribution of herbal medicine to human health : a brief history -- Quality issues of current herbal medicines -- Herbal medicines in the developing world : South America -- Herbal medicines : epidemiology of their utilization, a perspective on the industrialized world.
|
| 650 |
|
0 |
|a Herbs
|x Therapeutic use.
|0 http://id.loc.gov/authorities/subjects/sh85060354
|
| 650 |
|
0 |
|a Ethnopharmacology.
|0 http://id.loc.gov/authorities/subjects/sh2005008277
|
| 650 |
|
0 |
|a Materia medica, Vegetable.
|0 http://id.loc.gov/authorities/subjects/sh85082059
|
| 650 |
|
2 |
|a Phytotherapy.
|0 (DNLM)D008517
|0 https://id.nlm.nih.gov/mesh/D008517
|
| 650 |
|
2 |
|a Plant Preparations
|x therapeutic use.
|0 (DNLM)D028321Q000627
|0 https://id.nlm.nih.gov/mesh/D028321Q000627
|
| 650 |
|
2 |
|a Plants, Medicinal.
|0 (DNLM)D010946
|0 https://id.nlm.nih.gov/mesh/D010946
|
| 655 |
|
7 |
|a Ebooks.
|2 local
|
| 655 |
|
7 |
|a Electronic books.
|2 local
|
| 700 |
1 |
|
|a Bagetta, Giacinto.
|0 http://id.loc.gov/authorities/names/nb2007020467
|
| 700 |
1 |
|
|a Cosentino, Marco,
|d 1965-
|0 http://id.loc.gov/authorities/names/n2016181109
|
| 700 |
1 |
|
|a Corasaniti, M. T.
|q (Maria Tiziana)
|0 http://id.loc.gov/authorities/names/no2009141850
|
| 700 |
1 |
|
|a Sakurada, Shinobu.
|0 http://id.loc.gov/authorities/names/no2003124149
|
| 710 |
2 |
|
|a ProQuest (Firm)
|0 http://id.loc.gov/authorities/names/n2007068018
|
| 830 |
|
0 |
|a Clinical pharmacognosy series ;
|v 1.
|0 http://id.loc.gov/authorities/names/n2011183379
|
| 856 |
4 |
0 |
|u http://proxy.library.tamu.edu/login?url=http://ebookcentral.proquest.com/lib/tamum-ebooks/detail.action?docID=800904
|z Connect to the full text of this electronic book
|t 0
|
| 999 |
f |
f |
|s 63d2148a-a20d-356f-bd6b-1b42d3b20482
|i 2318cb65-c14f-3338-883d-06c3ca1d9a86
|t 0
|
| 952 |
f |
f |
|a Texas A&M University
|b College Station
|c Electronic Resources
|d Available Online
|t 0
|e WB 925 H5345 2012eb
|h National Library of Medicine classification
|
| 998 |
f |
f |
|a WB 925 H5345 2012eb
|t 0
|l Available Online
|